U.S States with the Most Wild Turkeys - Statistics

General Stats
  • This quiz has been taken 33 times
  • The average score is 7 of 10
Answer Stats
Number of Turkeys Rank Answer % Correct
510,500 1 Texas
92%
250,000 8 Tennessee
83%
180,000 9 Virginia
79%
365,000 5 Alabama
71%
250,000 to 400,000 3 Kentucky
71%
390,000 4 Missouri
71%
300,000 to 400,000 2 California
67%
225,000 to 275,000 6 Mississippi
67%
270,000 7 North Carolina
63%
170,000 10 New York
42%
No matching quizzes found
Score Distribution
Percent of People with Each Score
Percentile by Number Answered
Your Score History
You have not taken this quiz